| 000 | 00894aam a2200313 i 4500 | ||
|---|---|---|---|
| 001 | 768714001 | ||
| 003 | CO-MdFUSB | ||
| 005 | 20250520101240.0 | ||
| 007 | ta | ||
| 008 | 250520b |||||||| |||| 00| 0 eng d | ||
| 020 | _a1-56036-497-9 | ||
| 040 | _cCO-MdFUSB | ||
| 041 | 0 |
_aspa _heng |
|
| 082 | 0 | 4 |
_223 _a248.4 _bA5451v |
| 100 | 1 |
_aAnderson, Neil T. (1942-) _eautor |
|
| 240 | _aLiving free in Christ | ||
| 245 | 1 | 0 |
_aViviendo libre en Cristo _c / Neil T. Anderson ; traducido por Nellyda Pablovsky |
| 264 | 1 |
_bUnilit, _aMiami, Florida, USA : _c[1993] |
|
| 264 | 4 | _c©1993 | |
| 300 | _a292 páginas | ||
| 336 |
_atexto _btxt _2rdacontent |
||
| 337 |
_2rdamedia _asin mediación _bn |
||
| 338 |
_2rdacarrier _avolumen _bnc |
||
| 563 | _aRústico | ||
| 650 | 0 |
_aVida cristiana _919 |
|
| 700 |
_aPablovsky, Nellyda B. _98719 _etraductor |
||
| 942 | _cBK | ||
| 945 | _aJTF-925 | ||
| 999 |
_c35716 _d35716 |
||